| 000 | 00737nam a22002057a 4500 | ||
|---|---|---|---|
| 005 | 20240805153333.0 | ||
| 010 | _aENG-141185 | ||
| 020 |
_c775.00 _a9788196775193 |
||
| 035 | _aEN-124717 | ||
| 037 | _bDBAD | ||
| 082 |
_a355.033054 _21 |
||
| 245 | 0 | 0 |
_aGrace Glory and Gaffe: _bIndia's Northeastern Region@75/ _cEdited By Uttara Sahasrabuddhe [and] Gayatri Lele |
| 250 | _a1 | ||
| 260 |
_aMumbai _bKabdwal Book International |
||
| 270 |
_aPlot No. 179, D/42, Raigad CHS, Sector 1, Charkop, Kandivali(W) _bMumbai _e400067 _morder@kabdwalbook.com |
||
| 300 |
_a289p. _c22cm(pb) |
||
| 700 |
_aSahasrabuddhe, Uttara _eEditor _969498 |
||
| 700 |
_aLele, Gayatri _eEditor _969499 |
||
| 942 |
_2ddc _cEN _mGRA _h355.033054 _e1 |
||
| 999 |
_c204849 _d204849 |
||